[Event "29. Open Internacional Vicente Bonil"]
[Site "Albox ESP"]
[Date "2005.06.04"]
[Round "1"]
[White "Meler Tevar, Sergio"]
[Black "Ponomariov, Ruslan"]
[Result "0-1"]
[WhiteElo "2200"]
[BlackElo "2695"]
[PlyCount "60"]
[EventDate "2005.06.04"]
[EventType "tourn (rapid)"]
[EventRounds "9"]
[EventCountry "ESP"]
[Source "lmi"]
[SourceDate "2005.06.07"]

1. Nf3 Nf6 2. d4 e6 3. e3 b6 4. Bd3 Bb7 5. O-O g6 6. c4 Bg7 7. Nbd2 O-O 8. b4
d6 9. a4 c5 10. bxc5 dxc5 11. Bb2 Nc6 12. Qc2 Nb4 13. Qb1 a5 14. Ne5 Nd7 15.
Nef3 Rc8 16. Be4 Ba6 17. d5 exd5 18. Bxd5 Nxd5 19. cxd5 Bxf1 20. Nxf1 Nf6 21.
Bxf6 Bxf6 22. Ra2 Qxd5 23. Rd2 Qe6 24. Rd3 c4 25. Nd4 Bxd4 26. Rxd4 Rfd8 27.
Qb2 Rxd4 28. Qxd4 c3 29. Qd1 c2 30. Qc1 Qd5 0-1

[Event "29. Open Internacional Vicente Bonil"]
[Site "Albox ESP"]
[Date "2005.06.04"]
[Round "3"]
[White "Del Rio Angelis, Salvador Gabriel"]
[Black "Ponomariov, Ruslan"]
[Result "1-0"]
[WhiteElo "2495"]
[BlackElo "2695"]
[PlyCount "91"]
[EventDate "2005.06.04"]
[EventType "tourn (rapid)"]
[EventRounds "9"]
[EventCountry "ESP"]
[Source "lmi"]
[SourceDate "2005.06.07"]

1. d4 Nf6 2. c4 e6 3. Nc3 Bb4 4. e3 c5 5. Nge2 b6 6. a3 Ba5 7. Rb1 Na6 8. Ng3
O-O 9. Bd3 d5 10. O-O cxd4 11. exd4 Bxc3 12. bxc3 dxc4 13. Bxc4 Qc7 14. Qe2 Nb8
15. Bb2 Nbd7 16. Bd3 Bb7 17. c4 Rfe8 18. f3 Rac8 19. Qf2 Qf4 20. Ne2 Qd6 21.
Rfd1 Nf8 22. Rbc1 Ng6 23. Qg3 Qe7 24. Qg5 Red8 25. Ng3 Nd5 26. Qd2 Ndf4 27.
Bxg6 Nxg6 28. d5 f6 29. Re1 Qf7 30. d6 e5 31. Qb4 Rc5 32. Red1 Qe6 33. Qd2 Nf4
34. a4 Rxc4 35. Rxc4 Qxc4 36. Nf5 Qe6 37. Qc2 e4 38. Qc7 Rd7 39. Qb8+ Kf7 40.
Ne7 Rxe7 41. dxe7 Qxe7 42. Qxf4 exf3 43. Qc4+ Kf8 44. Rd8+ Qxd8 45. Ba3+ Ke8
46. Qe6+ 1-0

[Event "29. Open Internacional Vicente Bonil"]
[Site "Albox ESP"]
[Date "2005.06.04"]
[Round "4"]
[White "Epishin, Vladimir"]
[Black "Del Rio Angelis, Salvador Gabriel"]
[Result "1-0"]
[WhiteElo "2605"]
[BlackElo "2495"]
[PlyCount "91"]
[EventDate "2005.06.04"]
[EventType "tourn (rapid)"]
[EventRounds "9"]
[EventCountry "ESP"]
[Source "lmi"]
[SourceDate "2005.06.07"]

1. d4 Nf6 2. c4 e6 3. Nf3 c5 4. d5 exd5 5. cxd5 g6 6. Nc3 Bg7 7. e4 d6 8. h3
O-O 9. Bd3 a6 10. a4 Re8 11. O-O h6 12. Re1 Nh5 13. Be3 Nd7 14. Be2 Nhf6 15.
Nd2 Nf8 16. a5 N8h7 17. Bf1 Ng5 18. f3 Nh5 19. f4 Bxc3 20. bxc3 Nxe4 21. Nxe4
Rxe4 22. Bd3 Rxe3 23. Rxe3 Nxf4 24. Qf3 Qg5 25. Re8+ Kg7 26. Rf1 Bf5 27. Rxa8
Nxd3 28. Re8 h5 29. Qe3 Qxe3+ 30. Rxe3 Ne5 31. Rxe5 dxe5 32. Rf2 Kf8 33. Rb2
Be4 34. Rxb7 Bxd5 35. Rc7 f6 36. Rxc5 Be4 37. Rc7 Ke8 38. c4 g5 39. Ra7 f5 40.
Rxa6 Kd7 41. Rb6 f4 42. a6 Kc7 43. c5 g4 44. hxg4 hxg4 45. a7 Ba8 46. Rb8 1-0

[Event "29. Open Internacional Vicente Bonil"]
[Site "Albox ESP"]
[Date "2005.06.04"]
[Round "5"]
[White "Krivoshey, Sergei"]
[Black "Topalov, Veselin"]
[Result "1-0"]
[WhiteElo "2493"]
[BlackElo "2778"]
[PlyCount "83"]
[EventDate "2005.06.04"]
[EventType "tourn (rapid)"]
[EventRounds "9"]
[EventCountry "ESP"]
[Source "lmi"]
[SourceDate "2005.06.07"]

1. Nf3 c5 2. c4 g6 3. g3 Bg7 4. Bg2 Nc6 5. Nc3 Nh6 6. h4 d6 7. h5 Bg4 8. d3 Qd7
9. Ng5 Bxh5 10. f3 f6 11. Nh3 e5 12. Nf2 f5 13. Bxh6 Bxh6 14. g4 Rg8 15. Nd5
Qf7 16. gxh5 gxh5 17. Bh3 Rg3 18. e3 Kf8 19. Qe2 Re8 20. Kd1 b5 21. Kc2 bxc4
22. dxc4 f4 23. Ne4 fxe3 24. Nxg3 Nd4+ 25. Kd3 Nxe2 26. Kxe2 Qb7 27. b3 Qa6 28.
Ne4 Qa3 29. Rhb1 Rd8 30. Kd3 h4 31. Be6 Re8 32. Bd7 Rd8 33. Ba4 a6 34. Kc2 Rb8
35. Rg1 Rb4 36. Nec3 Bg7 37. Rae1 e4 38. fxe4 e2 39. Rxe2 Bd4 40. Rf1+ Kg7 41.
Rg2+ Kh6 42. Ne7 1-0

[Event "29. Open Internacional Vicente Bonil"]
[Site "Albox ESP"]
[Date "2005.06.05"]
[Round "6"]
[White "Epishin, Vladimir"]
[Black "Spasov, Vasil"]
[Result "1/2-1/2"]
[WhiteElo "2605"]
[BlackElo "2543"]
[PlyCount "82"]
[EventDate "2005.06.04"]
[EventType "tourn (rapid)"]
[EventRounds "9"]
[EventCountry "ESP"]
[Source "lmi"]
[SourceDate "2005.06.07"]

1. d4 Nf6 2. c4 g6 3. Nc3 Bg7 4. Nf3 O-O 5. Bg5 d6 6. e3 h6 7. Bh4 g5 8. Bg3
Nh5 9. Bd3 e6 10. Ng1 Nxg3 11. hxg3 Nd7 12. Bc2 f5 13. g4 Nf6 14. gxf5 exf5 15.
Nge2 c5 16. Qd3 Be6 17. f3 d5 18. dxc5 dxc4 19. Qxd8 Raxd8 20. Nd4 Rfe8 21.
O-O-O f4 22. Nxe6 Rxd1+ 23. Rxd1 Rxe6 24. exf4 gxf4 25. Be4 Re5 26. Rd8+ Kf7
27. Rb8 Rxc5 28. Rxb7+ Kf8 29. Rxa7 Rg5 30. Rc7 Nxe4 31. Nxe4 Rxg2 32. Rxc4
Bxb2+ 33. Kd1 h5 34. Rc2 Rg1+ 35. Ke2 Bd4 36. Kd3 Be3 37. Rh2 Rd1+ 38. Kc4 Rd4+
39. Kb3 Rd5 40. a4 Kf7 41. Kc4 Rd4+ 1/2-1/2

[Event "29. Open Internacional Vicente Bonil"]
[Site "Albox ESP"]
[Date "2005.06.05"]
[Round "6"]
[White "Ponomariov, Ruslan"]
[Black "Krivoshey, Sergei"]
[Result "1-0"]
[WhiteElo "2695"]
[BlackElo "2493"]
[PlyCount "51"]
[EventDate "2005.06.04"]
[EventType "tourn (rapid)"]
[EventRounds "9"]
[EventCountry "ESP"]
[Source "lmi"]
[SourceDate "2005.06.07"]

1. e4 d5 2. exd5 Nf6 3. Nf3 Nxd5 4. d4 Bf5 5. Nh4 Bc8 6. g3 e5 7. dxe5 Nc6 8.
Bg2 Be6 9. O-O Ndb4 10. Nd2 g5 11. Nhf3 g4 12. Ne1 Nxe5 13. Bxb7 Bd5 14. Qe2
Bxb7 15. Qxe5+ Qe7 16. Qxh8 O-O-O 17. Qxh7 Nc6 18. Qf5+ Kb8 19. Qxg4 Nd4 20.
Ndf3 f5 21. Qg5 Qxg5 22. Bxg5 Bxf3 23. h4 Rd7 24. Nxf3 Nxf3+ 25. Kg2 Nd4 26.
Rad1 1-0

[Event "29. Open Internacional Vicente Bonil"]
[Site "Albox ESP"]
[Date "2005.06.05"]
[Round "7"]
[White "Cabrera, Alexis"]
[Black "Illescas Cordoba, Miguel"]
[Result "1-0"]
[WhiteElo "2502"]
[BlackElo "2633"]
[PlyCount "43"]
[EventDate "2005.06.04"]
[EventType "tourn (rapid)"]
[EventRounds "9"]
[EventCountry "ESP"]
[Source "lmi"]
[SourceDate "2005.06.07"]

1. e4 c5 2. Nc3 Nc6 3. f4 e6 4. Nf3 a6 5. g3 d5 6. d3 dxe4 7. Nxe4 Nh6 8. Bg2
Nf5 9. O-O Be7 10. c3 b6 11. g4 Nd6 12. Ne5 Nxe5 13. Nxd6+ Qxd6 14. fxe5 Qb8
15. Qf3 Ra7 16. Qxf7+ Kd8 17. Qxg7 Re8 18. Rf7 Rd7 19. Bc6 Qc7 20. Bxd7 Qxd7
21. Rxe7 Rxe7 22. Bg5 1-0

[Event "29. Open Internacional Vicente Bonil"]
[Site "Albox ESP"]
[Date "2005.06.05"]
[Round "7"]
[White "Spasov, Vasil"]
[Black "Malakhov, Vladimir"]
[Result "1/2-1/2"]
[WhiteElo "2543"]
[BlackElo "2670"]
[PlyCount "90"]
[EventDate "2005.06.04"]
[EventType "tourn (rapid)"]
[EventRounds "9"]
[EventCountry "ESP"]
[Source "lmi"]
[SourceDate "2005.06.07"]

1. e4 c5 2. Nf3 Nc6 3. Bb5 d6 4. O-O Bd7 5. Re1 Nf6 6. h3 a6 7. Bf1 e5 8. c3
Be7 9. d4 Qc7 10. Bg5 O-O 11. Nbd2 h6 12. Bxf6 Bxf6 13. dxc5 dxc5 14. Nc4 Rfd8
15. Qc2 b5 16. Ne3 Ne7 17. Red1 Be6 18. Ng4 Bxg4 19. hxg4 Rxd1 20. Rxd1 Rd8 21.
a4 Rxd1 22. Qxd1 c4 23. axb5 axb5 24. b3 Nc8 25. bxc4 bxc4 26. Qd5 Nb6 27. Qb5
Kh7 28. Nd2 Be7 29. Nxc4 Nxc4 30. Bxc4 Qc5 31. Qxc5 Bxc5 32. Bxf7 g5 33. Kf1
Kg7 34. Bd5 Kf6 35. Ke2 Ke7 36. g3 Kd6 37. Bf7 Bb6 38. Bb3 Bc5 39. Bd1 Bb6 40.
f3 Bc5 41. Kd3 Bf2 42. f4 exf4 43. gxf4 gxf4 44. Bf3 Ke5 45. Kc4 Be1 1/2-1/2

[Event "29. Open Internacional Vicente Bonil"]
[Site "Albox ESP"]
[Date "2005.06.05"]
[Round "8"]
[White "Milov, Vadim"]
[Black "Aleksandrova, Olga"]
[Result "1-0"]
[WhiteElo "2563"]
[BlackElo "2400"]
[PlyCount "119"]
[EventDate "2005.06.04"]
[EventType "tourn (rapid)"]
[EventRounds "9"]
[EventCountry "ESP"]
[Source "lmi"]
[SourceDate "2005.06.07"]

1. d4 Nf6 2. c4 e6 3. Nc3 Bb4 4. e3 O-O 5. Nge2 d5 6. a3 Be7 7. cxd5 exd5 8. b4
a5 9. b5 c6 10. Nf4 Nbd7 11. Be2 Nb6 12. bxc6 bxc6 13. O-O Ba6 14. Bxa6 Rxa6
15. Nd3 Nc4 16. Nb2 Nxb2 17. Bxb2 Bd6 18. Na4 Qc7 19. h3 Ne4 20. Qd3 Ra7 21.
Rac1 Rb8 22. Rc2 Qc8 23. Rfc1 Rc7 24. f3 Ng5 25. e4 Bf4 26. Rd1 dxe4 27. fxe4
Qe8 28. Rf1 Ne6 29. Rc4 Bd6 30. Bc1 Rcb7 31. e5 Rb3 32. Rc3 Rxc3 33. Qxc3 Be7
34. Be3 Rb5 35. Rc1 Nd8 36. Nb2 Qd7 37. Nd3 Qb7 38. a4 Rb3 39. Qc4 h6 40. Bd2
Ba3 41. Rf1 Rb1 42. Bxa5 Rxf1+ 43. Kxf1 Qb1+ 44. Kf2 Ne6 45. Bd2 Be7 46. Be3
Bh4+ 47. g3 Be7 48. Kg2 Qd1 49. Nf2 Qe1 50. Qd3 Qa1 51. Qc4 Bg5 52. Bxg5 hxg5
53. Qxc6 Nxd4 54. Qe8+ Kh7 55. Qxf7 Qxa4 56. Qd5 Nc2 57. Ng4 Ne1+ 58. Kf1 Qa1
59. Qe4+ Kg8 60. Qxe1 1-0

[Event "29. Open Internacional Vicente Bonil"]
[Site "Albox ESP"]
[Date "2005.06.05"]
[Round "8"]
[White "Vallejo Pons, Francisco"]
[Black "Cabrera, Alexis"]
[Result "0-1"]
[WhiteElo "2677"]
[BlackElo "2502"]
[PlyCount "132"]
[EventDate "2005.06.04"]
[EventType "tourn (rapid)"]
[EventRounds "9"]
[EventCountry "ESP"]
[Source "lmi"]
[SourceDate "2005.06.07"]

1. e4 e5 2. Nf3 Nc6 3. Bb5 a6 4. Ba4 Nf6 5. d3 d6 6. c3 Be7 7. O-O O-O 8. Re1
Re8 9. Nbd2 Bf8 10. d4 exd4 11. cxd4 b5 12. Bc2 Bg4 13. h3 Bh5 14. Nf1 d5 15.
e5 Ne4 16. Ng3 Nxg3 17. fxg3 Nb4 18. Bb1 c5 19. dxc5 Bxc5+ 20. Kh2 Bg6 21. Bxg6
hxg6 22. a3 Nc6 23. Bf4 Qd7 24. Qd3 Rac8 25. Rad1 d4 26. Re2 Bb6 27. Rc2 Qd5
28. Rdc1 Ne7 29. Bg5 Rxc2 30. Rxc2 Nc6 31. Bf4 Nd8 32. Rc8 Qd7 33. Rb8 Ba7 34.
e6 Qxe6 35. Ra8 Nc6 36. Ng5 Qd7 37. Rxe8+ Qxe8 38. Qf3 Qd7 39. Ne4 Ne7 40. Nd6
Nf5 41. Qa8+ Kh7 42. Ne4 f6 43. g4 Ne3 44. g5 Qd5 45. Nxf6+ gxf6 46. Qxa7+ Kg8
47. Qb8+ Kg7 48. Qc7+ Kg8 49. Qc8+ Kf7 50. Qc7+ Ke6 51. Bxe3 dxe3 52. Qc8+ Ke5
53. Qe8+ Kd4 54. Kg1 Qd6 55. gxf6 Qxf6 56. Qc8 Kd3 57. Qc1 Qd4 58. Qd1+ Ke4 59.
Qf3+ Ke5 60. Qf8 e2+ 61. Kh2 Ke6 62. Qf3 Qe3 63. Qxe3+ Kd5 64. Qd3+ Kc5 65.
Qc3+ Kb6 66. Qd4+ Kb7 0-1

[Event "29. Open Internacional Vicente Bonil"]
[Site "Albox ESP"]
[Date "2005.06.05"]
[Round "9"]
[White "Cabrera, Alexis"]
[Black "Malakhov, Vladimir"]
[Result "1/2-1/2"]
[WhiteElo "2502"]
[BlackElo "2670"]
[PlyCount "87"]
[EventDate "2005.06.04"]
[EventType "tourn (rapid)"]
[EventRounds "9"]
[EventCountry "ESP"]
[Source "lmi"]
[SourceDate "2005.06.07"]

1. e4 c5 2. Nc3 Nc6 3. f4 g6 4. Nf3 Bg7 5. Bb5 Nd4 6. O-O Nxb5 7. Nxb5 d6 8. d3
Nf6 9. Qe1 O-O 10. Qh4 a6 11. Nc3 e6 12. f5 Nd7 13. Bg5 f6 14. fxe6 Nb6 15. Bh6
Bxe6 16. Bxg7 Kxg7 17. Rae1 Nd7 18. Qg3 Ne5 19. Kh1 Qd7 20. b3 Rae8 21. Ne2 Bg4
22. Nf4 Bxf3 23. gxf3 Qf7 24. c3 Nc6 25. Nd5 Rd8 26. f4 f5 27. Ne3 Ne7 28. exf5
Nxf5 29. Nxf5+ Qxf5 30. Re7+ Rf7 31. Rxf7+ Qxf7 32. f5 Qd5+ 33. Kg1 Rf8 34.
fxg6 Rxf1+ 35. Kxf1 hxg6 36. Ke2 b5 37. c4 Qd4 38. Qg5 Kf7 39. h4 bxc4 40. bxc4
Qb2+ 41. Kf3 Qc2 42. Qf4+ Ke7 43. Qg5+ Kf7 44. Ke4 1/2-1/2